L'orso più tenero /

La storia di un animale pacifico alla ricerca di affetto e comprensione che però tutti sfuggono perché lo considerano feroce e pericoloso.Il grande orso bruno è un po' triste, gentile e pacifico, ma nessuno lo sa. Da anni cammina solo nella foresta, perché tutti, Gufo, Renna, Volpe, Lepre, hanno rif...

詳細記述

保存先:
書誌詳細
第一著者: Billioud, Jean-Michel (著者)
その他の著者: Courtieu, Marguerite (イラストレーター), Diez, Camilla (翻訳家)
フォーマット: 図書
言語:イタリア語
出版事項: Casalecchio di Reno : Fatatrac, 2022
シリーズ:Minimondo
タグ: タグ追加
タグなし, このレコードへの初めてのタグを付けませんか!

MARC

LEADER 00000nam a22000007i 4500
001 IT\ICCU\MOD\1742655
003 ItRI
005 20260115232146.0
008 220715s2022 it |||||| ||||| |||||c
020 |a 9788882227593 
040 |b ita  |c importazione bologna sebina 
041 7 |a ita  |2 ISO-639-2 
100 1 |a Billioud, Jean-Michel  |0 IT\ICCU\MILV\157104  |4 aut 
240 1 3 |a L' ours tendre  |3 IT\ICCU\MOD\1742656  |9 Billioud, Jean-Michel 
245 1 2 |a L'orso più tenero /  |c Jean Michel Billioud, Marguerite Courtieu ; traduzione di Camilla Diez. 
260 |a Casalecchio di Reno :  |b Fatatrac,  |c 2022 
300 |a 1 volume (senza paginazione) :  |b in gran parte ill. ;  |c 25 x 25 cm 
520 |a La storia di un animale pacifico alla ricerca di affetto e comprensione che però tutti sfuggono perché lo considerano feroce e pericoloso.Il grande orso bruno è un po' triste, gentile e pacifico, ma nessuno lo sa. Da anni cammina solo nella foresta, perché tutti, Gufo, Renna, Volpe, Lepre, hanno rifiutato il suo affetto. Ogni volta che incontra un altro animale, non può fare a meno di dire: Vorrei abbracciarti. Però nessuno ha mai accettato perché sono tutti convinti che l'orso sia pericoloso, un animale selvatico capace di soffocare chiunque tra le sue braccia. Quando finalmente, un giorno, gli si avvicina una sagoma grigia, una lupa dai grandi occhi neri che, da parte sua, trema solo per il freddo e ha bisogno di grandi braccia per scaldarla... avrà finalmente trovato un'amica? Età di lettura: da 4 anni. 
700 1 |a Courtieu, Marguerite  |0 IT\ICCU\MODV\676455  |4 ill 
700 1 |a Diez, Camilla  |0 IT\ICCU\MODV\647646  |4 trl 
830 0 |a Minimondo  |0 IT\ICCU\TO1\0026243 
942 |2 ddc  |c BK  |n 0 
952 |0 0  |1 0  |4 0  |6 R_843_920000000000000_BIL  |7 0  |9 21125  |a BO  |b BO  |d 2026-01-15  |i 20438  |l 0  |o R 843.92 BIL  |p BO20438  |r 2026-01-15 23:21:46  |w 2026-01-15  |x [Sebina 5] [1 v.]  |y BK  |z 1 v. 
999 |c 18052  |d 18052